Mechanics of materials (Record no. 6027)

000 -LEADER
fixed length control field 00600nam a2200229 i 4500
001 - CONTROL NUMBER
control field 6027
003 - CONTROL NUMBER IDENTIFIER
control field BD-DhUET
008 - FIXED-LENGTH DATA ELEMENTS--GENERAL INFORMATION
fixed length control field 770505s1978 nyua 001 0 eng
040 ## - CATALOGING SOURCE
Original cataloging agency DLC
Transcribing agency DLC
Modifying agency BD-DhUET
082 00 - DEWEY DECIMAL CLASSIFICATION NUMBER
Classification number 620.11
Item number HIG/1978
100 ## - MAIN ENTRY--PERSONAL NAME
Personal name Higdon, Archie
245 00 - TITLE STATEMENT
Title Mechanics of materials
250 ## - EDITION STATEMENT
Edition statement 3rd ed.
260 ## - PUBLICATION, DISTRIBUTION, ETC. (IMPRINT)
Place of publication, distribution, etc. New York
Name of publisher, distributor, etc. John Wiley and Sons
Date of publication, distribution, etc. 1978
300 ## - PHYSICAL DESCRIPTION
Extent xiv, 752 p.
Other physical details ill.
Dimensions 24 cm.
504 ## - BIBLIOGRAPHY, ETC. NOTE
Bibliography, etc Includes bibliographies
650 #0 - SUBJECT ADDED ENTRY--TOPICAL TERM
Topical term or geographic name as entry element Strength of materials
700 ## - ADDED ENTRY--PERSONAL NAME
Personal name Ohlsen, Wdward H.
700 ## - ADDED ENTRY--PERSONAL NAME
Personal name Stiles , William B.
700 ## - ADDED ENTRY--PERSONAL NAME
Personal name Weese, John A.
942 ## - ADDED ENTRY ELEMENTS (KOHA)
Koha item type General Book
Holdings
Koha date last seen Damaged status Price effective from Koha item type Koha renewals Not for loan Piece designation (barcode) Koha normalized classification for sorting Date acquired Lost status Sublocation or collection (holding branch) Koha date last borrowed Source of classification or shelving scheme Copy number Withdrawn status Koha full call number Location (home branch) Shelving location Koha collection Koha issues (times borrowed)
2014-11-29 2014-11-29General Book  61731620_110000000000000_HIG_19782014-11-29 Central Library, BUET  7 620.11/HIG/1978Central Library, BUETCirculation section  
2014-12-02 2014-12-02General Book  61725620_110000000000000_HIG_19782014-12-02 Central Library, BUET  2 620.11/HIG/1978Central Library, BUETCirculation section  
2014-12-02 2014-12-02General Book  61733620_110000000000000_HIG_19782014-12-02 Central Library, BUET  3 620.11/HIG/1978Central Library, BUETCirculation section  
2024-02-13 2014-12-02General Book1 61727620_000000000000000_11HIG19782014-12-02 Central Library, BUET2019-02-27 4 620.11/HIG/1978Central Library, BUETCirculation section 1
2014-12-02 2014-12-02General Book  61726620_110000000000000_HIG_19782014-12-02 Central Library, BUET  5 620.11/HIG/1978Central Library, BUETCirculation section  
2014-12-02 2014-12-02General Book  61728620_000000000000000_11HIG19782014-12-02 Central Library, BUET  6 620.11/HIG/1978Central Library, BUETCirculation section  
2014-12-02 2014-12-02General Book  61730620_000000000000000_11HIG19782014-12-02 Central Library, BUET  1 620.11/HIG/1978Central Library, BUETCirculation section  
2014-12-02 2014-12-02General Book  61732620_000000000000000_11HIG19782014-12-02 Central Library, BUET  8 620.11/HIG/1978Central Library, BUETCirculation section  
2015-01-10 2015-01-10General Book  61729620_110000000000000_HIG_19782015-01-10 Central Library, BUET  9 620.11/HIG/1978Central Library, BUETCirculation section  
2015-01-28 2015-01-28General Book  61734620_110000000000000_HIG_19782015-01-28 Central Library, BUET  10 620.11/HIG/1978Central Library, BUETCirculation sectionNon Fiction